Представление документа в формате RUSMARC

ПолеНазваниеЗначение
  Тип записи a
  Библиографический уровень c
001 Контрольный номер 47253f61d2664b85831902c58fc21a05
005 Дата корректировки 20201206204438.8
010 Индекс ISBN __
d Цена 2-00
101 Язык документа 0_
a Язык текста rus
c Язык оригинала rus
200 Заглавие и сведения об ответственности 0_
a Заглавие Родники Берендея
f Первые сведения об ответственности Михаил Пришвин ; [послесл. В. Чалмаева]
b Общее обозначение материала Текст
210 Выходные данные __
a Место издания М.
c Издательство Совет. Россия
d Дата издания 1977
215 Физическое описание __
a Объем 391, [3] с.
225 Серия __
a Серия Родная земля
327 Примечание о содержании __
a Примечание о содержании Жень-шень
330 Аннотация __
a Аннотация Произведения Пришвина пронизаны светлым мироощущением и неотразимым обаянием, они пробуждают и воспитывают в читатели чувство Родины.
600 Персоналии __
a Персоналии (Фамилия) Пришвин, М. М.
f Даты 1873-1954
g Полное имя Михаил Михайлович
606 Тематические рубрики __
a Основная рубрика Художественная литература
z Хронологическая подрубрика 20 в.
y Географическая подрубрика Россия; СССР
606 Тематические рубрики __
a Основная рубрика Русская литература XX в. (произведения)
610 Ключевые слова __
a Ключевые слова повести; тема Родины; патриотическая тема; тема природы; рассказы; прозаики
686 Индексы других классификаций __
a Классификационный индекс 84(2Рос=Рус)6-4
700 Автор _1
a Фамилия Пришвин
b Имя М. М.
g Полное личное имя Михаил Михайлович
4 Код отношения 070
702 Вторичная интеллектуальная ответственность _1
a Фамилия Чалмаев
b Имя В.
4 Код отношения Автор предисловия и т.д.
4 Код отношения 080
801 Источник записи _0
a Страна RU
b Организация Муниципальное бюджетное учреждение культуры "Централизованная библиотечная система" г. Сургут (Центральная городская библиотека им. А. С. Пушкина)
g Правила каталогизации КиК/Поспелова
801 Источник записи _1
a Страна RU
b Организация Муниципальное бюджетное учреждение культуры "Централизованная библиотечная система" г. Сургут (Центральная городская библиотека им. А. С. Пушкина)
g Правила каталогизации КиК/Поспелова
852 Данные о местонахождении __
j Шифр хранения 84(2Рос=Рус)6-4
c Каталожный индекс 84(2Рос=Рус)6-4
i Авторский знак П 77
p Инвентарный номер 89663(с)
901 Тип документа __
t Тип документа x
903 Характеристики (МАРС) __
a Дата передачи 20061128
969 Тип издания __
a Тип издания сборник
990 Данные о заказе (DOS) __
j Количество экземпляров (DOS) 1
t N записи в КСУ для И/У (DOS) ретро